000 00855cam a22002414a 4500
999 _c129804
_d129804
001 15109823
005 20221216095352.0
008 071212s2008 maua b 001 0 eng
020 _a9780674027145 (cloth : alk. paper)
020 _a0674027140 (cloth : alk. paper)
020 _a9780674027152 (pbk. : alk. paper)
020 _a0674027159 (pbk. : alk. paper)
040 _cPK-LaUMT
082 0 0 _a617.482044
_222
_bALP-S
100 1 _aAlpert, Michelle J.
245 1 0 _aSpinal cord injury and the family :
_ba new guide /
_cby Michelle J. Alpert and Saul Wisnia
260 _aCambridge, Mass. :
_bHarvard University Press,
_c2008
300 _axiv, 338 p. :
_bill. ;
_c22 cm.
650 0 _aSpinal cord
_xWounds and injuries
650 0 _aSpinal cord
_xWounds and injuries
_xPatients
_xFamily relationships.
700 1 _aWisnia, Saul.
942 _cBK